header

Writing the nation (Record no. 103031)

MARC details
000 -LEADER
fixed length control field 01499nam a2200349Ia 4500
100 1# - MAIN ENTRY--AUTHOR NAME
Personal name Vanden Driesen, Cynthia.
245 10 - TITLE STATEMENT
Title Writing the nation
260 ## - PUBLICATION, DISTRIBUTION, ETC. (IMPRINT)
Place of publication Amsterdam [Netherlands] ;
-- New York :
Name of publisher Rodopi,
Year of publication 2009.
300 ## - PHYSICAL DESCRIPTION
Number of Pages xxxvi, 207 p.
490 1# - SERIES STATEMENT
Series statement Cross/cultures : readings in the post/colonial literatures in English ;
650 #0 - SUBJECT ADDED ENTRY--TOPICAL TERM
Topical Term Aboriginal Australians in literature.
Topical Term Australian literature
Topical Term Postcolonialism in literature.
856 40 - ELECTRONIC LOCATION AND ACCESS
Uniform Resource Identifier http://site.ebrary.com/lib/rucke/Doc?id=10380338

No items available.

© 2026 Rongo University
Contact us: librarian | system librarian | Rongo university